Normal view
MARC view
- بن قيم الجوزية، شمس الدين أبي عبد الله
Entry Personal Name
001 - CONTROL NUMBER
- control field: 16918
003 - CONTROL NUMBER IDENTIFIER
- control field: JO-AjAnu
005 - DATE AND TIME OF LATEST TRANSACTION
- control field: 20230606073010.0
008 - FIXED-LENGTH DATA ELEMENTS
- fixed length control field: 230606|| aca||aabn | a|a d
040 ## - CATALOGING SOURCE
- Original cataloging agency: JO-AjAnu
- Transcribing agency: JO-AjAnu
100 ## - HEADING--PERSONAL NAME
- Personal name: بن قيم الجوزية، شمس الدين أبي عبد الله
670 ## - SOURCE DATA FOUND
- Source citation: Work cat.: (JO-AjAnu)8687: بن قيم الجوزية، شمس الدين أبي عبد الله , author, الروح لابن القيم في الكلام على أرواح الأموات والأحياء بالدلائل من الكتاب والسنة والآثار وأقوال العلماء